Normal view
MARC view
Entry Personal Name
001 - CONTROL NUMBER
- control field: 14587
003 - CONTROL NUMBER IDENTIFIER
- control field: ARRUPE
005 - DATE AND TIME OF LATEST TRANSACTION
- control field: 20150122181337.0
008 - FIXED-LENGTH DATA ELEMENTS
- fixed length control field: 150122|| aca||aabn | a|a d
040 ## - CATALOGING SOURCE
- Original cataloging agency: ARRUPE
- Transcribing agency: ARRUPE
100 ## - HEADING--PERSONAL NAME
- Personal name: Shea, Eugene B.
670 ## - SOURCE DATA FOUND
- Source citation: Work cat.: (ARRUPE): Shea, Eugene B., The Immortal "I" : , 2008.